| 000 | 01107nam a2200241 a 4500 | ||
|---|---|---|---|
| 001 | 000004500 | ||
| 005 | 20200929151441.0 | ||
| 008 | 090723s2008 dr a 001 0 spa d | ||
| 040 |
_aDO-SdBNP _bspa _cBNPHU |
||
| 082 |
_a016. _bM835c |
||
| 100 | 1 |
_aMoré, Gustavo Luis _913153 |
|
| 245 | 1 | 0 |
_aCasas reales : _bórgano del museo de las Casas Reales, No. 26, Santo Domingo República Dominicana. / _cGustavo Luis Moré ; prólogo Eugenio Pérez Montás. |
| 246 | 1 | 4 | _aCasas reales : manual bibliográfico sobre la arquitectura y el urbanismo en la historia del Gran Caribe 1492-2000 |
| 260 |
_aSanto Domingo : _bSecretaría de Estado de Cultura : Museo de las Casas Reales, _c2008. |
||
| 300 |
_aXXIX, 435 p. : _bil. ; _c27 cm. |
||
| 490 | 1 |
_aCasas reales _v26 |
|
| 500 | _aIncluye índice. | ||
| 650 | 4 |
_aArquitectura _xBibliografías _xCatálogos _xHistoria _913154 |
|
| 650 | 4 |
_aUrbanismo _xHistoria _xBibliografías _913155 |
|
| 700 | 1 |
_aPérez Montás, Eugenio _epról. _913156 |
|
| 710 | 1 |
_aPatronato de la Ciudad Colonial de Santo Domingo (República Dominicana) _913157 |
|
| 830 | 0 |
_aCasas reales _n26 _913158 |
|
| 999 |
_c4309 _d4309 |
||